| 000 | 00570nam a2200181 a 4500 | ||
|---|---|---|---|
| 020 | _a2853407152 (v. 1) | ||
| 020 | _a2853407160 (v. 2) | ||
| 040 | _cDLC | ||
| 082 | _a338 INS 1985 A012 Or. | ||
| 245 | 0 | 0 | _aSystèmes de production et transformations de l'agriculture / |
| 260 |
_aParis : _bInstitut national de la recherche agronomique, _c1985. |
||
| 300 |
_a2 v. : _bill. ; _c25 cm. |
||
| 650 | 0 | _aAgriculture | |
| 650 | 0 | _aAgricultural productivity | |
| 700 | 1 | _aAubert, Didier. | |
| 710 | 2 | _aInstitut national de la recherche agronomique (France). | |
| 942 | _cFB | ||
| 999 |
_c13877 _d13877 |
||